<?xml version="1.0" encoding="UTF-8"?><?xml-stylesheet type="text/xsl" href="static/style.xsl"?><OAI-PMH xmlns="http://www.openarchives.org/OAI/2.0/" xmlns:xsi="http://www.w3.org/2001/XMLSchema-instance" xsi:schemaLocation="http://www.openarchives.org/OAI/2.0/ http://www.openarchives.org/OAI/2.0/OAI-PMH.xsd"><responseDate>2026-04-17T13:52:13Z</responseDate><request verb="GetRecord" identifier="oai:riubu.ubu.es:10259/9702" metadataPrefix="marc">https://riubu.ubu.es/oai/request</request><GetRecord><record><header><identifier>oai:riubu.ubu.es:10259/9702</identifier><datestamp>2024-11-16T01:05:17Z</datestamp><setSpec>com_10259_9418</setSpec><setSpec>com_10259_5087</setSpec><setSpec>com_10259_2728</setSpec><setSpec>col_10259_9419</setSpec></header><metadata><record xmlns="http://www.loc.gov/MARC21/slim" xmlns:doc="http://www.lyncode.com/xoai" xmlns:xsi="http://www.w3.org/2001/XMLSchema-instance" xmlns:dcterms="http://purl.org/dc/terms/" xsi:schemaLocation="http://www.loc.gov/MARC21/slim http://www.loc.gov/standards/marcxml/schema/MARC21slim.xsd">
<leader>00925njm 22002777a 4500</leader>
<datafield tag="042" ind1=" " ind2=" ">
<subfield code="a">dc</subfield>
</datafield>
<datafield tag="720" ind1=" " ind2=" ">
<subfield code="a">Álvarez Fuente, Saúl</subfield>
<subfield code="e">author</subfield>
</datafield>
<datafield tag="520" ind1=" " ind2=" ">
<subfield code="a">El presente TFG tiene como objeto el estudio de viabilidad y el proyecto de sustitución de una instalación de calefacción y Agua Corriente Sanitaria (ACS) mediante calderas individuales en 217 viviendas de un bloque de edificios de siete plantas, por una instalación de calefacción centralizada alimentada con biomasa y apoyada con captación solar para satisfacer las demandas de calefacción y ACS de todo el año.</subfield>
</datafield>
<datafield tag="520" ind1=" " ind2=" ">
<subfield code="a">The purpose of this Final Degree Project (FDP) is the viability study and the replacement project of a heating installation and Domestic Hot Water (DHW) using individual boilers in 217 homes of a seven-storey block of buildings, by a centralized heating installation fed with biomass and supported by solar capture to cover the demands of heating and DHW throughout the year.</subfield>
</datafield>
<datafield tag="024" ind2=" " ind1="8">
<subfield code="a">http://hdl.handle.net/10259/9702</subfield>
</datafield>
<datafield tag="245" ind1="0" ind2="0">
<subfield code="a">Centralización de instalaciones térmicas mediante energías renovables para una agrupación de bloques de viviendas</subfield>
</datafield>
</record></metadata></record></GetRecord></OAI-PMH>